00297pab a2200121 454500008004000000100001600040245004800056260000900104300001300113362001200126650001100138773002600149180718b2003 xxu||||| |||| 00| 0 eng d aSodhi, G.S. aInvestigation with focus on anti-corruption c2003 ap.54-70. aJan-Mar aPolice aIndian Police Journal